[Event "GER-ch 80th"]
[Site "Saarbruecken"]
[Date "2009.02.08"]
[Round "3"]
[White "Strohhaeker, Raoul"]
[Black "Vatter, Hans Joachim"]
[Result "0-1"]
[WhiteElo "2451"]
[BlackElo "2322"]
[EventDate "2009.02.06"]
[PlyCount "78"]

1. e4 g6 2. d4 Bg7 3. Nc3 c6 4. Nf3 d5 5. h3 Nh6 6. Bd3 f6 7. O-O Nf7 8. Re1 O-O 9. exd5 cxd5 10. Bf4 Nc6 11. Bg3 Nb4 12. Bb5 e6 13. Ba4 Bd7 14. a3 Nc6 15. Qd3 Rc8 16. Re2 a6 17. Rae1 b5 18. Bb3 Na5 19. Ba2 Nc4 20. Nd1 Qb6 21. c3 a5 22. Ne3 Nfd6 23. Bxd6 Qxd6 24. h4 Rf7 25. h5 gxh5 26. Bb1 Bh6 27. Nf1 Bf4 28. g3 Rg7 29. Kh1 e5 30. dxe5 fxe5 31. gxf4 e4 32. Qd4 exf3 33. Re5 Nxe5 34. Rxe5 Rc4 35. Qd2 Qxe5 36. fxe5 Rh4+ 37. Nh2 Rg2 38. Qxd5+ Kh8 39. Qxd7 Rhxh2# 0-1

[Event "GER-ch 80th"]
[Site "Saarbruecken"]
[Date "2009.02.08"]
[Round "3"]
[White "Strunski, Andreas"]
[Black "Riegler, Dieter"]
[Result "1-0"]
[WhiteElo "2287"]
[BlackElo "2142"]
[EventDate "2009.02.06"]
[PlyCount "55"]

1. d4 Nf6 2. c4 c5 3. d5 b5 4. cxb5 a6 5. bxa6 Bxa6 6. Nc3 d6 7. Nf3 g6 8. g3 Bg7 9. Bg2 Nbd7 10. Rb1 O-O 11. O-O Qa5 12. Re1 Rfb8 13. h3 Nb6 14. Nd4 cxd4 15. b4 Bxe2 16. Nxe2 Qxa2 17. Bb2 Qa4 18. Bxd4 Qxd1 19. Rexd1 Rb7 20. f4 Rab8 21. b5 Nc4 22. Rdc1 Na3 23. Rb3 Nxb5 24. Bxf6 Bxf6 25. Rcb1 e6 26. dxe6 Rb6 27. exf7+ Kxf7 28. Bd5+ 1-0

[Event "GER-ch 80th"]
[Site "Saarbruecken"]
[Date "2009.02.08"]
[Round "3"]
[White "Westphal, Wolfgang"]
[Black "Boidman, Yuri"]
[Result "1/2-1/2"]
[WhiteElo "2242"]
[BlackElo "2415"]
[EventDate "2009.02.06"]
[PlyCount "116"]

1. e4 c5 2. Nf3 a6 3. c3 d5 4. exd5 Qxd5 5. d4 e6 6. Be3 cxd4 7. cxd4 Nf6 8. Nc3 Qd6 9. h3 Be7 10. Bd3 O-O 11. O-O Nc6 12. Rc1 Nb4 13. Bb1 b5 14. a3 Nbd5 15. Qd3 Nxc3 16. Rxc3 Bb7 17. Ng5 g6 18. f3 Qg3 19. Ne4 Nxe4 20. fxe4 Bd6 21. Bf4 Qxd3 22. Bxd3 Bxf4 23. Rxf4 Rac8 24. Rf2 Rcd8 25. Rc7 Ba8 26. Ra7 Rxd4 27. Bc2 Bxe4 28. Bxe4 Rxe4 29. Rxa6 b4 30. a4 f5 31. Rb6 Kg7 32. a5 Kf6 33. Rc2 Rd8 34. a6 Rd1+ 35. Kf2 Ra1 36. Re2 Rxe2+ 37. Kxe2 Ra2 38. Kd3 Rxb2 39. Kc4 Rxg2 40. Rxb4 Rc2+ 41. Kb5 Rc8 42. a7 e5 43. Ka6 Ra8 44. Kb7 Rxa7+ 45. Kxa7 e4 46. Kb6 Ke5 47. Kc5 f4 48. Rb7 e3 49. Re7+ Kf6 50. Re8 Kg5 51. Kd4 Kh4 52. Kd3 Kxh3 53. Ke2 Kg4 54. Re6 Kf5 55. Ra6 g5 56. Rh6 Ke4 57. Re6+ Kf5 58. Rh6 Ke4 1/2-1/2

[Event "GER-ch 80th"]
[Site "Saarbruecken"]
[Date "2009.02.08"]
[Round "3"]
[White "Zierke, Oliver"]
[Black "Sternheimer, Erhard"]
[Result "1-0"]
[WhiteElo "2300"]
[BlackElo "2224"]
[EventDate "2009.02.06"]
[PlyCount "69"]

1. d4 Nf6 2. Nf3 d5 3. c4 dxc4 4. e3 e6 5. Bxc4 a6 6. O-O c5 7. Qe2 Nbd7 8. a4 cxd4 9. exd4 Be7 10. Nc3 Nb6 11. Bb3 O-O 12. Bg5 Re8 13. Rad1 Nbd5 14. Ne5 Qd6 15. Rd3 Nxc3 16. bxc3 b5 17. Rg3 Bb7 18. Bc2 g6 19. h4 Nd7 20. Bf4 Qd5 21. h5 Bf6 22. hxg6 hxg6 23. Nxg6 fxg6 24. Bxg6 Kf8 25. Qb2 Qc4 26. Qa3+ b4 27. cxb4 Bxd4 28. Bd6+ Re7 29. Rg4 e5 30. b5 Qe6 31. Qh3 e4 32. Rf4+ Kg8 33. Bxe7 Qxe7 34. Rf7 Qxf7 35. Bxf7+ 1-0

[Event "GER-ch 80th"]
[Site "Saarbruecken"]
[Date "2009.02.08"]
[Round "3"]
[White "Zude, Erik"]
[Black "Hundack, Rolf"]
[Result "1-0"]
[WhiteElo "2397"]
[BlackElo "2139"]
[EventDate "2009.02.06"]
[PlyCount "121"]

1. d4 Nf6 2. Nf3 d5 3. c4 e6 4. Nc3 Be7 5. Bg5 O-O 6. e3 Nbd7 7. Rc1 c6 8. Bd3 Re8 9. O-O Nf8 10. Ne5 Ne4 11. Nxe4 Bxg5 12. Nxf7 Kxf7 13. Qh5+ g6 14. Nxg5+ Kg7 15. Qh4 dxc4 16. Bxc4 e5 17. dxe5 Rxe5 18. Nf3 Qxh4 19. Nxh4 Bg4 20. h3 Bd7 21. Rfd1 Rae8 22. Nf3 R5e7 23. b4 Be6 24. Bxe6 Nxe6 25. Rc3 Nc7 26. Rcd3 Nd5 27. b5 Rc7 28. bxc6 bxc6 29. Rc1 Rec8 30. Nd4 Kf6 31. Rxc6+ Rxc6 32. Nxc6 Rxc6 33. Rxd5 Rc1+ 34. Kh2 Rc2 35. Ra5 Rxf2 36. Kg3 Re2 37. Kf3 Rc2 38. Rxa7 h5 39. h4 Rc1 40. Ra6+ Kf5 41. Ra5+ Kf6 42. Ra4 Rf1+ 43. Ke2 Rg1 44. Kf2 Rh1 45. Rb4 Ra1 46. a4 Ra3 47. Kf3 Ra1 48. Rb6+ Kf7 49. Ra6 Rf1+ 50. Ke2 Rh1 51. g3 Rh2+ 52. Kf3 Ra2 53. Kf4 Rf2+ 54. Ke4 Rg2 55. Kf3 Ra2 56. a5 Ra1 57. Ra8 Rf1+ 58. Kg2 Ra1 59. a6 Kg7 60. a7 Ra3 61. e4 1-0

[Event "GER-ch 80th"]
[Site "Saarbruecken"]
[Date "2009.02.09"]
[Round "4"]
[White "Baramidze, David"]
[Black "Zude, Erik"]
[Result "1/2-1/2"]
[WhiteElo "2548"]
[BlackElo "2397"]
[EventDate "2009.02.06"]
[PlyCount "117"]

1. c4 g6 2. Nf3 Nf6 3. g3 Bg7 4. Bg2 O-O 5. O-O d6 6. d4 Nc6 7. Nc3 e5 8. d5 Ne7 9. e4 c6 10. b3 cxd5 11. cxd5 Bg4 12. a4 Rc8 13. Bb2 Rxc3 14. Bxc3 Nxe4 15. Bb2 Qd7 16. Qd3 Nc5 17. Qc4 Bxf3 18. Bxf3 e4 19. Bxg7 exf3 20. Qc3 Qh3 21. Qxf3 Kxg7 22. b4 Nd7 23. Qc3+ Nf6 24. Rad1 Rc8 25. Qd4 Nexd5 26. Rfe1 a6 27. Rd2 b5 28. axb5 axb5 29. Qa1 Kg8 30. Qa6 Qd7 31. Red1 Qe6 32. Rd4 Kg7 33. Qa1 Kg8 34. R1d2 h5 35. Kg2 Qe5 36. Qa6 Re8 37. Qc6 Ne7 38. Qxd6 Qxd6 39. Rxd6 Kg7 40. Rb6 Nf5 41. Rxb5 Re1 42. Rb2 h4 43. Rc5 Ne4 44. Rc4 g5 45. g4 Nfd6 46. Rcc2 Nb5 47. Re2 Rxe2 48. Rxe2 Ned6 49. Re5 f6 50. Rc5 Kf7 51. Kf3 Nd4+ 52. Ke3 Ne6 53. Rc6 Ke7 54. Ra6 Kd7 55. Kd3 Nc7 56. Ra5 Ne6 57. Ra6 Nc7 58. Ra5 Ne6 59. Ra6 1/2-1/2

[Event "GER-ch 80th"]
[Site "Saarbruecken"]
[Date "2009.02.09"]
[Round "4"]
[White "Bischoff, Klaus"]
[Black "Zude, Arno"]
[Result "0-1"]
[WhiteElo "2545"]
[BlackElo "2465"]
[EventDate "2009.02.06"]
[PlyCount "58"]

1. Nf3 Nf6 2. c4 e6 3. Nc3 b6 4. d4 Bb7 5. e3 d5 6. cxd5 exd5 7. Bb5+ c6 8. Bd3 g6 9. O-O Bg7 10. b4 O-O 11. a4 a5 12. bxa5 Rxa5 13. Ba3 Re8 14. Qb3 Nbd7 15. Rab1 Ba6 16. Bxa6 Rxa6 17. Rfc1 Qa8 18. Bd6 Ne4 19. Nxe4 Rxe4 20. Bc7 Re8 21. Qc2 c5 22. dxc5 bxc5 23. a5 Qc6 24. Bb6 Rb8 25. Qe2 c4 26. Nd4 Qc8 27. Qf3 Nxb6 28. axb6 Bxd4 29. exd4 Qc6 0-1

[Event "GER-ch 80th"]
[Site "Saarbruecken"]
[Date "2009.02.09"]
[Round "4"]
[White "Boidman, Yuri"]
[Black "Hort, Alexej"]
[Result "1/2-1/2"]
[WhiteElo "2415"]
[BlackElo "2232"]
[EventDate "2009.02.06"]
[PlyCount "149"]

1. Nf3 c5 2. c3 Nf6 3. d4 e6 4. Bg5 Be7 5. Nbd2 b6 6. e4 Bb7 7. e5 Ne4 8. Nxe4 Bxe4 9. Nd2 Bd5 10. Bxe7 Qxe7 11. Qg4 cxd4 12. c4 Bb7 13. Qxg7 Rf8 14. O-O-O f6 15. Qg3 fxe5 16. Qxe5 Qc5 17. Qg3 Na6 18. Nb3 Qf5 19. Nxd4 Qxf2 20. Nb5 Bc6 21. Nd6+ Kd8 22. Qa3 Nc5 23. Kb1 a5 24. Qh3 Ba4 25. Rc1 Bc6 26. Rd1 Rf4 27. Qc3 Rf8 28. Bd3 Kc7 29. Qe5 Qf4 30. Nb5+ Kb7 31. Qc3 Na4 32. Qc2 Nc5 33. Bxh7 Rh8 34. g3 Qh6 35. Bd3 Raf8 36. h4 Qe3 37. Rhg1 Rf2 38. Qc1 Qxc1+ 39. Kxc1 Nxd3+ 40. Rxd3 Rg8 41. Nd4 Rg4 42. Re1 Rg2 43. Ree3 Be4 44. Rc3 Rg1+ 45. Kd2 Rg2+ 46. Ne2 d5 47. cxd5 exd5 48. Ke1 b5 49. a3 Rh2 50. Rc5 Kb6 51. Rec3 d4 52. Nxd4 Rxb2 53. Re5 b4 54. Re6+ Kb7 55. Re7+ Kb6 56. Re6+ Kb7 57. axb4 axb4 58. Re3 Bd5 59. Re7+ Kb6 60. Ne2 b3 61. Nc3 Bc6 62. R7e6 Rc4 63. h5 Rh2 64. Ne2 Rb4 65. Rc3 b2 66. Rexc6+ Kb7 67. Rc7+ Kb8 68. Rc8+ Kb7 69. R3c7+ Kb6 70. Nc3 b1=Q+ 71. Nxb1 Rxb1+ 72. Rc1 Rh1+ 73. Kd2 Rb2+ 74. Ke3 Rb3+ 75. R1c3 1/2-1/2

[Event "GER-ch 80th"]
[Site "Saarbruecken"]
[Date "2009.02.09"]
[Round "4"]
[White "Fridman, Daniel"]
[Black "Hirneise, Tobias"]
[Result "1-0"]
[WhiteElo "2650"]
[BlackElo "2426"]
[EventDate "2009.02.06"]
[PlyCount "70"]

1. d4 Nf6 2. c4 g6 3. g3 Bg7 4. Bg2 O-O 5. Nc3 d6 6. Nf3 Nc6 7. O-O a6 8. h3 Bd7 9. e4 e5 10. dxe5 Nxe5 11. c5 Nxf3+ 12. Qxf3 dxc5 13. Rd1 Qe7 14. e5 Qxe5 15. Qxb7 Qh5 16. g4 Bxg4 17. hxg4 Nxg4 18. Qf3 Bd4 19. Rxd4 cxd4 20. Nd5 Rad8 21. Bf4 c5 22. Re1 Rfe8 23. Rxe8+ Rxe8 24. Bh3 Re1+ 25. Kg2 Ne3+ 26. fxe3 Re2+ 27. Kg3 Qxf3+ 28. Kxf3 Rxb2 29. a4 dxe3 30. Bxe3 Rb3 31. Bf1 Ra3 32. Nb6 a5 33. Bb5 h5 34. Nc4 Ra2 35. Nxa5 h4 1-0

[Event "GER-ch 80th"]
[Site "Saarbruecken"]
[Date "2009.02.09"]
[Round "4"]
[White "Heinig, Wolfram"]
[Black "Strohhaeker, Raoul"]
[Result "1-0"]
[WhiteElo "2328"]
[BlackElo "2451"]
[EventDate "2009.02.06"]
[PlyCount "145"]

1. Nf3 c5 2. c4 Nf6 3. g3 b6 4. Bg2 Bb7 5. O-O e6 6. Nc3 a6 7. b3 Be7 8. d4 cxd4 9. Qxd4 O-O 10. Rd1 Nc6 11. Qf4 Re8 12. Bb2 Qb8 13. Na4 Qxf4 14. gxf4 b5 15. Nb6 Rad8 16. Ne5 bxc4 17. Nbxd7 Nxe5 18. Nxf6+ gxf6 19. Bxb7 Ng6 20. Bxa6 Rxd1+ 21. Rxd1 Ra8 22. Bxc4 Rxa2 23. Bc1 Ra1 24. Rf1 f5 25. Bd2 Ra2 26. Rd1 h6 27. Kg2 Kh7 28. Be3 h5 29. Rd7 Kh6 30. Rd1 Nh4+ 31. Kh3 Ng6 32. Rb1 Bd6 33. Kg3 Ra8 34. Rd1 Be7 35. Bd4 Nh4 36. Kh3 Rg8 37. Be5 Ng6 38. Bc7 Bf6 39. Rg1 Kh7 40. Rg3 h4 41. Rd3 Be7 42. e3 Bb4 43. Rd8 Rg7 44. Bb6 Nf8 45. Bd4 Rg1 46. Bf6 Kg6 47. Bxh4 f6 48. Rb8 Be7 49. Rb7 Kf7 50. Be2 Ke8 51. b4 Kd8 52. b5 Nd7 53. Bf3 Nc5 54. Rb8+ Kd7 55. Bc6+ Kd6 56. Ra8 Nd3 57. Ra7 Nc5 58. Bf3 Rb1 59. Bc6 Rg1 60. Bg3 Bd8 61. Kh4 e5 62. Kh5 Bb6 63. Rf7 Ke6 64. Kg6 Bd8 65. fxe5 Nd3 66. Rxf6+ Bxf6 67. exf6 f4 68. exf4 Nxf4+ 69. Kg5 Ne2 70. b6 Nxg3 71. fxg3 Kf7 72. b7 Rb1 73. h4 1-0

[Event "GER-ch 80th"]
[Site "Saarbruecken"]
[Date "2009.02.09"]
[Round "4"]
[White "Hundack, Rolf"]
[Black "Zierke, Oliver"]
[Result "0-1"]
[WhiteElo "2139"]
[BlackElo "2300"]
[EventDate "2009.02.06"]
[PlyCount "82"]

1. c4 c5 2. Nf3 e6 3. Nc3 Nc6 4. e4 e5 5. d3 g6 6. Be3 d6 7. Nd5 Bg7 8. Qd2 h6 9. Be2 f5 10. g3 fxe4 11. Nh4 Kf7 12. f4 exf3 13. O-O Nge7 14. Bxf3 Kg8 15. Be4 Bf5 16. Nxf5 gxf5 17. Rxf5 Nxf5 18. Bxf5 Ne7 19. Be6+ Kh7 20. Nxe7 Qxe7 21. Bf5+ Kg8 22. Qg2 Bf6 23. Be4 Bg5 24. Bf2 Kg7 25. h4 Bf6 26. Be3 Rhg8 27. Bd5 Bxh4 28. Bxg8 Rxg8 29. gxh4+ Kh8 30. Bg5 hxg5 31. h5 Rf8 32. Re1 Rf4 33. Re3 g4 34. Rg3 Qh4 35. Re3 Rf7 36. Rg3 Rf4 37. Re3 b6 38. Qa8+ Kg7 39. Qb7+ Kh6 40. Qg2 Kxh5 41. Re2 Rf3 0-1

[Event "GER-ch 80th"]
[Site "Saarbruecken"]
[Date "2009.02.09"]
[Round "4"]
[White "Malek, Daniel"]
[Black "Strache, Michael"]
[Result "1-0"]
[WhiteElo "2306"]
[BlackElo "2218"]
[EventDate "2009.02.06"]
[PlyCount "73"]

1. d4 Nf6 2. c4 c5 3. d5 e6 4. Nc3 exd5 5. cxd5 d6 6. e4 g6 7. h3 Bg7 8. Nf3 O-O 9. Bd3 Na6 10. O-O Nc7 11. Re1 a6 12. a4 Rb8 13. a5 b5 14. axb6 Rxb6 15. Nd2 Nfe8 16. Nc4 Rb4 17. Bf1 f5 18. e5 dxe5 19. Nxe5 Bb7 20. Nd3 Rd4 21. Be3 f4 22. Bxd4 cxd4 23. Ne4 Qxd5 24. Ndc5 Nf6 25. Rc1 Kh8 26. Nxb7 Qxb7 27. Ng5 Nfd5 28. Bd3 Qxb2 29. Nxh7 Kxh7 30. Rxc7 f3 31. Rc2 Qb6 32. Re4 Qf6 33. Rg4 Nf4 34. Qxf3 Kh6 35. Rc6 Qe7 36. Rxf4 Qe1+ 37. Bf1 1-0

[Event "GER-ch 80th"]
[Site "Saarbruecken"]
[Date "2009.02.09"]
[Round "4"]
[White "Mayer, Frank1"]
[Black "Strunski, Andreas"]
[Result "1/2-1/2"]
[WhiteElo "2331"]
[BlackElo "2287"]
[EventDate "2009.02.06"]
[PlyCount "118"]

1. g3 d5 2. Bg2 g6 3. d3 Bg7 4. f4 Nh6 5. Nf3 c6 6. Nc3 Qb6 7. e3 Bg4 8. h3 Bxf3 9. Qxf3 Nf5 10. d4 Nd7 11. O-O Nd6 12. b3 Qa5 13. Bd2 Qc7 14. Rac1 O-O 15. Rfd1 e6 16. Ne2 b5 17. Bb4 c5 18. dxc5 Nxc5 19. c4 bxc4 20. bxc4 Nxc4 21. Rxd5 exd5 22. Qxd5 Nxe3 23. Qxc5 Qxc5 24. Bxc5 Nxg2 25. Bxf8 Nxf4 26. Nxf4 Kxf8 27. Kg2 Bd4 28. Rc4 Rd8 29. Kf3 Bb6 30. a4 Kg7 31. g4 h6 32. h4 Rd6 33. Ke4 Rd1 34. h5 gxh5 35. gxh5 Re1+ 36. Kf3 Re5 37. Kg4 Rg5+ 38. Kf3 Rc5 39. Rxc5 Bxc5 40. Nd5 Kf8 41. Ke4 Be7 42. Ne3 Bg5 43. Nf5 a5 44. Nd6 Bd2 45. Nc4 Bb4 46. Ne3 Bd2 47. Nc4 Bb4 48. Ne3 Ke8 49. Kf5 Bc3 50. Ke4 Kd7 51. Nf5 Bd2 52. Kd5 Bf4 53. Ke4 Bc1 54. Kd5 Bd2 55. Ke5 Kc6 56. Nd4+ Kc7 57. Nf5 Kb6 58. Kd5 Kc7 59. Nd6 Kd7 1/2-1/2

[Event "GER-ch 80th"]
[Site "Saarbruecken"]
[Date "2009.02.09"]
[Round "4"]
[White "Mehlhorn, Uwe"]
[Black "Sternheimer, Erhard"]
[Result "0-1"]
[WhiteElo "2151"]
[BlackElo "2224"]
[EventDate "2009.02.06"]
[PlyCount "66"]

1. g3 e5 2. c4 Nf6 3. Bg2 g6 4. Nc3 Bg7 5. d3 O-O 6. e4 Nc6 7. Nge2 d6 8. O-O Nd7 9. Nd5 f5 10. Rb1 a5 11. a3 fxe4 12. dxe4 Nd4 13. Nxd4 exd4 14. b4 axb4 15. axb4 c6 16. Nf4 Ne5 17. Qb3 Kh8 18. c5 dxc5 19. bxc5 Qa5 20. Ne6 Bxe6 21. Qxe6 Qxc5 22. Rxb7 Rfe8 23. Qh3 Ra7 24. Rb1 Nc4 25. Rd1 Rf8 26. Rd3 Ne5 27. Rdb3 Ra2 28. Rb8 Qc2 29. Bf4 Qxf2+ 30. Kh1 Ng4 31. Rxf8+ Bxf8 32. Be5+ Nxe5 33. Rf1 Ng4 0-1

[Event "GER-ch 80th"]
[Site "Saarbruecken"]
[Date "2009.02.09"]
[Round "4"]
[White "Meier, Georg"]
[Black "Prusikin, Michael"]
[Result "1-0"]
[WhiteElo "2608"]
[BlackElo "2529"]
[EventDate "2009.02.06"]
[PlyCount "85"]

1. Nf3 Nf6 2. c4 g6 3. Nc3 Bg7 4. g3 O-O 5. Bg2 d6 6. d4 c6 7. O-O Qb6 8. b3 e5 9. Ba3 exd4 10. Nxd4 Qa5 11. Bb2 Re8 12. h3 Nbd7 13. e3 Nc5 14. Qc2 Qb6 15. Rfd1 a5 16. a3 h5 17. Rab1 Bd7 18. Ba1 Qc7 19. b4 axb4 20. axb4 Ne6 21. Nf3 Red8 22. Ne4 Nxe4 23. Qxe4 Rxa1 24. Rxa1 Bxa1 25. Rxa1 Qb6 26. Qb1 Nc7 27. Qb2 Be6 28. Qc3 Ra8 29. Rxa8+ Nxa8 30. Ng5 Nc7 31. Be4 d5 32. Nxe6 Nxe6 33. cxd5 Ng5 34. Bg2 cxd5 35. Bxd5 Nxh3+ 36. Kg2 Ng5 37. Qc8+ Kg7 38. Qxb7 Qf6 39. Qc6 Qb2 40. Qc5 Qe2 41. Qd4+ f6 42. Qa7+ Kh6 43. Qe7 1-0

[Event "GER-ch 80th"]
[Site "Saarbruecken"]
[Date "2009.02.09"]
[Round "4"]
[White "Oberhofer, Andre"]
[Black "Hirneise, Jens"]
[Result "1/2-1/2"]
[WhiteElo "2202"]
[BlackElo "2325"]
[EventDate "2009.02.06"]
[PlyCount "66"]

1. e4 c5 2. d4 cxd4 3. c3 Nf6 4. e5 Nd5 5. cxd4 d6 6. Nf3 Nc6 7. Bc4 Nb6 8. Bb5 dxe5 9. Nxe5 Bd7 10. Bxc6 Bxc6 11. Nxc6 bxc6 12. O-O g6 13. Nc3 Bg7 14. Be3 O-O 15. Rc1 Qd7 16. Qf3 Rac8 17. Rfd1 Rfd8 18. Ne4 Qd5 19. b3 Nd7 20. Bg5 Re8 21. Rc4 f5 22. Nd2 e5 23. dxe5 Nxe5 24. Qxd5+ cxd5 25. Ra4 Nd3 26. Rf1 Rc7 27. Be3 Ree7 28. Nf3 Re4 29. Rxa7 Rxa7 30. Bxa7 Re2 31. a4 Rb2 32. Nd4 Bh6 33. g3 Nc1 1/2-1/2

[Event "GER-ch 80th"]
[Site "Saarbruecken"]
[Date "2009.02.09"]
[Round "4"]
[White "Riegler, Dieter"]
[Black "Stahr, Ralf Peter"]
[Result "1-0"]
[WhiteElo "2142"]
[BlackElo "2158"]
[EventDate "2009.02.06"]
[PlyCount "72"]

1. d4 Nf6 2. c4 e6 3. Nc3 Bb4 4. Qc2 c5 5. dxc5 O-O 6. Nf3 Nc6 7. Bg5 h6 8. Bh4 Bxc5 9. Rd1 Be7 10. e3 a6 11. Be2 d6 12. O-O Qc7 13. Rd2 Rd8 14. Rc1 b6 15. Bxf6 Bxf6 16. Nd5 exd5 17. cxd5 Bd7 18. dxc6 Be8 19. Qf5 Bd7 20. Qc2 Be8 21. Nd4 g6 22. a4 Rdb8 23. Bc4 Kh7 24. Qd1 Be5 25. h3 Ra7 26. b4 Bxd4 27. Rxd4 b5 28. axb5 axb5 29. Bb3 Rb6 30. Rxd6 Bxc6 31. Rf6 Qe5 32. Rfxc6 Rxc6 33. Rxc6 Qb2 34. Rc1 Ra3 35. Rb1 Qf6 36. Qf3 Ra1 1-0

[Event "GER-ch 80th"]
[Site "Saarbruecken"]
[Date "2009.02.09"]
[Round "4"]
[White "Siebrecht, Sebastian"]
[Black "Bastian, Herbert"]
[Result "1-0"]
[WhiteElo "2440"]
[BlackElo "2361"]
[EventDate "2009.02.06"]
[PlyCount "67"]

1. d4 Nf6 2. c4 g6 3. Nc3 Bg7 4. e4 O-O 5. Nge2 d6 6. Ng3 e5 7. d5 a5 8. Be2 Na6 9. h4 c6 10. h5 Nc5 11. hxg6 fxg6 12. Bg5 Qb6 13. Qd2 a4 14. O-O-O Bd7 15. f3 Qa5 16. Qc2 Qc7 17. Rh2 Na6 18. Rdh1 Rf7 19. Kb1 Nb4 20. Qd2 a3 21. b3 cxd5 22. exd5 Bf5+ 23. Nxf5 gxf5 24. Nb5 Qa5 25. Nxd6 Rd7 26. Nxf5 Bh8 27. Nh6+ Kf8 28. Bxf6 Bxf6 29. Ng4 Bg7 30. Rxh7 Qc5 31. Rh8+ Bxh8 32. Rxh8+ Ke7 33. Qg5+ Kd6 34. Qxe5# 1-0

[Event "GER-ch 80th"]
[Site "Saarbruecken"]
[Date "2009.02.09"]
[Round "4"]
[White "Tabatt, Hendrik"]
[Black "Markgraf, Alexander"]
[Result "0-1"]
[WhiteElo "2322"]
[BlackElo "2463"]
[EventDate "2009.02.06"]
[PlyCount "94"]

1. d4 f5 2. Nf3 Nf6 3. Bg5 e6 4. Nbd2 Be7 5. e3 Nc6 6. c3 d6 7. Qb3 O-O 8. Bd3 Kh8 9. Qc2 Ng8 10. h4 Nf6 11. e4 Ng4 12. exf5 exf5 13. Bf4 d5 14. g3 Bd6 15. Nf1 Re8+ 16. Kd1 Qd7 17. Qd2 Nf6 18. Ne3 Ne4 19. Qc2 Qe6 20. Ng2 Qf7 21. h5 Bd7 22. Bb5 Nb4 23. cxb4 Bxb5 24. Ne5 Bxe5 25. Bxe5 Bd3 26. Qb3 Nxf2+ 27. Kd2 Bc4 28. Qf3 Rxe5 29. dxe5 Nxh1 30. Rxh1 Qe7 31. Qc3 Re8 32. b3 Ba6 33. Re1 d4 34. Qc5 Qg5+ 35. Nf4 Qxg3 36. Qxd4 Qg5 37. Kc3 Qg3+ 38. Kd2 Qg5 39. Qe3 Qe7 40. Kc3 Kg8 41. h6 Rd8 42. hxg7 c5 43. Rg1 cxb4+ 44. Kb2 Qh4 45. Kb1 Qh2 46. Rg2 Qh1+ 47. Kb2 Rd1 0-1

[Event "GER-ch 80th"]
[Site "Saarbruecken"]
[Date "2009.02.09"]
[Round "4"]
[White "Von Herman, Ulf"]
[Black "Mueller, Reinhold"]
[Result "1/2-1/2"]
[WhiteElo "2378"]
[BlackElo "2229"]
[EventDate "2009.02.06"]
[PlyCount "55"]

1. d4 Nf6 2. c4 c5 3. d5 d6 4. Nc3 g6 5. e4 Bg7 6. Nge2 b5 7. cxb5 a6 8. Ng3 O-O 9. a4 Nbd7 10. Ra3 Ne8 11. Be2 axb5 12. Nxb5 Nc7 13. O-O Ba6 14. Qc2 Rb8 15. Nxc7 Bxe2 16. Nxe2 Qxc7 17. Rh3 Rfc8 18. Nc3 Qa5 19. Nb5 Nb6 20. b3 c4 21. Bd2 Qa6 22. Bc3 cxb3 23. Qxb3 Qxa4 24. Bxg7 Qxb3 25. Rxb3 Kxg7 26. Na7 Nc4 27. Rc3 Rc7 28. Nc6 1/2-1/2

[Event "GER-ch 80th"]
[Site "Saarbruecken"]
[Date "2009.02.09"]
[Round "4"]
[White "Wichmann, Cliff"]
[Black "Westphal, Wolfgang"]
[Result "1-0"]
[WhiteElo "2389"]
[BlackElo "2242"]
[EventDate "2009.02.06"]
[PlyCount "93"]

1. d4 Nf6 2. Nf3 e6 3. c4 b6 4. g3 Bb7 5. Bg2 Be7 6. Nc3 O-O 7. Qc2 Bb4 8. O-O Bxc3 9. Qxc3 d6 10. b4 a5 11. b5 Nbd7 12. Ba3 Re8 13. Rfd1 Qe7 14. Ne5 Bxg2 15. Kxg2 Ne4 16. Qd3 f5 17. f3 Ng5 18. Qe3 Nf7 19. Nxd7 Qxd7 20. f4 Nh6 21. Qf3 Ng4 22. Bb2 Nf6 23. a4 Ne4 24. Rac1 Rad8 25. Rd3 Qf7 26. Ba3 h6 27. c5 Rc8 28. Rdd1 Red8 29. Qb3 d5 30. Rc2 g5 31. Qe3 Qg7 32. Rdc1 bxc5 33. Bxc5 Rb8 34. Ba3 Rd7 35. Rc6 Rb6 36. Rxb6 cxb6 37. fxg5 hxg5 38. Rc8+ Kh7 39. Rc6 e5 40. dxe5 Qxe5 41. Qxb6 Nc3 42. Rh6+ Kg8 43. Re6 Nxa4 44. Qc6 Qc7 45. Rg6+ Kh7 46. Rh6+ Kg8 47. Qg6+ 1-0

[Event "GER-ch 80th"]
[Site "Saarbruecken"]
[Date "2009.02.09"]
[Round "4"]
[White "Wippermann, Till"]
[Black "Deglmann, Ludwig"]
[Result "1/2-1/2"]
[WhiteElo "2456"]
[BlackElo "2325"]
[EventDate "2009.02.06"]
[PlyCount "54"]

1. e4 e6 2. d4 d5 3. Nc3 Nf6 4. Bg5 dxe4 5. Nxe4 Be7 6. Bxf6 gxf6 7. Nf3 f5 8. Nc3 c5 9. Bb5+ Bd7 10. Qe2 Bxb5 11. Qxb5+ Qd7 12. dxc5 a6 13. Qxd7+ Nxd7 14. c6 bxc6 15. Na4 O-O-O 16. Rd1 Kc7 17. O-O Rhg8 18. Rfe1 Bd6 19. Re3 Nf6 20. Red3 Ne4 21. h3 c5 22. Nd2 Nxd2 23. R3xd2 Kc6 24. c4 Be7 25. Kf1 Rxd2 26. Rxd2 Bf6 27. Rd3 Rb8 1/2-1/2

[Event "GER-ch 80th"]
[Site "Saarbruecken"]
[Date "2009.02.09"]
[Round "4"]
[White "Zelbel, Patrick"]
[Black "Jorczik, Julian Marcel"]
[Result "1/2-1/2"]
[WhiteElo "2294"]
[BlackElo "2381"]
[EventDate "2009.02.06"]
[PlyCount "40"]

1. e4 e6 2. d4 d5 3. Nd2 c5 4. Ngf3 cxd4 5. exd5 Qxd5 6. Bc4 Qd6 7. O-O Nf6 8. Nb3 Nc6 9. Nbxd4 Nxd4 10. Nxd4 a6 11. Re1 Qc7 12. Qe2 Bc5 13. c3 O-O 14. Bg5 Nd5 15. Bxd5 Bxd4 16. cxd4 exd5 17. Be7 Re8 18. Bd6 Rxe2 19. Bxc7 Rxe1+ 20. Rxe1 Be6 1/2-1/2

[Event "GER-ch 80th"]
[Site "Saarbruecken"]
[Date "2009.02.10"]
[Round "5"]
[White "Bastian, Herbert"]
[Black "Malek, Daniel"]
[Result "1-0"]
[WhiteElo "2361"]
[BlackElo "2306"]
[EventDate "2009.02.06"]
[PlyCount "91"]

1. e4 e6 2. d4 d5 3. e5 c5 4. c3 Nc6 5. Nf3 Bd7 6. a3 c4 7. g3 Na5 8. Nbd2 Ne7 9. Bg2 Nc8 10. O-O Nb6 11. Ne1 Ba4 12. Qe2 Qd7 13. Rb1 O-O-O 14. Ndf3 Kb8 15. Be3 Ka8 16. Nc2 Bxc2 17. Qxc2 f6 18. Rfe1 f5 19. Nd2 h6 20. Qd1 g5 21. Qh5 Qg7 22. b4 cxb3 23. Nxb3 Nxb3 24. Rxb3 Be7 25. Reb1 Rd7 26. Rxb6 axb6 27. Rxb6 Qg8 28. c4 Bd8 29. Rb5 Rhh7 30. Qd1 f4 31. gxf4 gxf4 32. Bxf4 Rhg7 33. Bg3 dxc4 34. d5 exd5 35. Bxd5 Rxd5 36. Rxd5 Bc7 37. Qa4+ Kb8 38. Qxc4 Rg4 39. Qd3 h5 40. e6 Qxe6 41. Rxh5 Ka7 42. Qc3 Bb6 43. Re5 Qg6 44. Kg2 Ra4 45. Re7 Qg5 46. Qc6 1-0

[Event "GER-ch 80th"]
[Site "Saarbruecken"]
[Date "2009.02.10"]
[Round "5"]
[White "Beikert, Guenther"]
[Black "Khenkin, Igor"]
[Result "0-1"]
[WhiteElo "2470"]
[BlackElo "2644"]
[EventDate "2009.02.06"]
[PlyCount "58"]

1. e4 c6 2. d4 d5 3. e5 c5 4. dxc5 Nc6 5. Bb5 e6 6. Be3 Nge7 7. Nf3 Nf5 8. Bd4 Nfxd4 9. Qxd4 Qa5+ 10. Nc3 Qxb5 11. Nxb5 Nxd4 12. Nfxd4 Bxc5 13. Nb3 Bb6 14. a4 a6 15. a5 Bxf2+ 16. Kxf2 axb5 17. Ke3 f6 18. Kd4 Ke7 19. Rhe1 Rf8 20. Kc5 Bd7 21. Nd4 Rfc8+ 22. Kb6 Ra6+ 23. Kxb7 Raa8 24. a6 fxe5 25. a7 exd4 26. Ra6 Rxa7+ 27. Rxa7 Rxc2 28. b4 Kd6 29. Kb6 e5 0-1

[Event "GER-ch 80th"]
[Site "Saarbruecken"]
[Date "2009.02.10"]
[Round "5"]
[White "Buhmann, Rainer"]
[Black "Siebrecht, Sebastian"]
[Result "1/2-1/2"]
[WhiteElo "2565"]
[BlackElo "2440"]
[EventDate "2009.02.06"]
[PlyCount "119"]

1. Nf3 Nf6 2. c4 e6 3. g3 a6 4. Bg2 b5 5. b3 c5 6. Nc3 Qb6 7. e3 Bb7 8. Qe2 Bc6 9. e4 d6 10. O-O Be7 11. Rd1 b4 12. Na4 Bxa4 13. bxa4 e5 14. Nh4 Nc6 15. Nf5 Nd4 16. Qd3 g6 17. Nxe7 Kxe7 18. Bb2 Qc6 19. a3 a5 20. f4 Nd7 21. Rf1 Rhf8 22. axb4 axb4 23. a5 Qc7 24. Bh3 Rxa5 25. Rxa5 Qxa5 26. Bxd7 Kxd7 27. Ra1 Qb6 28. fxe5 dxe5 29. Bxd4 cxd4 30. Qb3 Ke7 31. Ra4 Rb8 32. d3 Kf8 33. Ra1 Kg7 34. Kf2 h5 35. Ke2 Qe6 36. Rf1 Qg4+ 37. Kd2 Qg5+ 38. Kc2 h4 39. Kb1 hxg3 40. hxg3 Qd2 41. c5 Rb7 42. c6 Ra7 43. g4 Qc3 44. Qxc3 bxc3 45. g5 Kf8 46. Kc2 Ke7 47. Kb3 Rc7 48. Kc4 Rxc6+ 49. Kd5 Re6 50. Ra1 Kf8 51. Ra8+ Re8 52. Ra7 Rc8 53. Ra1 Re8 54. Ra7 Re7 55. Ra8+ Kg7 56. Kd6 Re6+ 57. Kd5 Re7 58. Kd6 Re6+ 59. Kd5 Re7 60. Kd6 1/2-1/2